Statistics for Taylor Swift Guess The Song 2

Click here to take the quiz!

General Stats

  • This quiz has been taken 493 times
  • The average score is 8 of 15

Answer Stats

HintAnswer% Correct
She took him faster than you could say sabotageBetter than revenge
89%
Drop everything now/ Meet me in the pouring rainSparks fly
85%
And when we go crashing down, we come back every timeStyle
79%
That I'm not a princess, this ain't a fairy tale,White Horse
68%
Well you can take me down with just one single blowMean
66%
I want you for worse or for better/ I would wait for ever and everHow you get the girl
58%
Your name, forever the name on my lipsLast Kiss
50%
You don't have to call anymore/ I won't pick up the phoneYou're not sorry
50%
Go save the world, I'll be aroundSuperman
49%
It's been occurring to me I'd like to hang out with you for my whole life.Stay Stay Stay
48%
A new notch in your belt is all I'll ever beI knew you were trouble
44%
We could be a beautiful/ Miracle/ UnbelievableInvisible
44%
And I wish you knew that I'll never forget you as long as I live.I wish you would
41%
You're the only thing I know like the back of my hand,Breathe
31%
In dreams I meet you in warm conversationSad beautiful tragic
31%

Score Distribution

Percentile by Number Answered

Percent of People with Each Score

Your Score History

You have not taken this quiz